000
00269nam a2200121 i 4500
001
bg
245
0
_a
Portovoe gidrotechniceskoe stroitel'stvo.
260
_a
Moskva 1969.
040
_c
BPK
041
_a
pol
942
_c
KS
008
s pl f |000 0 pol
999
_c
27074
_d
27074